000
00218 a2200097 4500
001
48177
100
_a
Hadi Hussain
245
_a
A message from the east
260
_a
Karachi
_b
Iqbal academy
_c
090
_c
31145
_d
31145
942
_a
NUST-CAE
_c
M
_c
23498
999
_c
283250
_d
283250